00773nam a2200229 i 4500001000300000100002800003245007100031246004400102260004900146300002100195500005200216504002900268650001400297655001700311700003000328020001500358040000800373041001300381080001000394008004100404856009800445bg1 aLacey, A. R.d(1926- ).10aSłownik filozoficzny /cA. R. Lacey ; przekł. Roman Matuszewski. iTyt. oryg.:aA dictionary of philosophy aPoznań :bZysk i S-ka. Wydaw.,ccop. 1999. a357 s. ;c20 cm. aTyt. oryg. : "A dictionary of philosophy" 1996. aBibliogr. przy hasłach. 9aFilozofia aEncyklopedie1 aMatuszewski, Roman.eTł. a8371502206 cBPK1 apolheng a1(03) s pl f |000 0 pol  uhttp://koha.tu.koszalin.pl/cgi-bin/koha/opac-detail.pl?biblionumber=36876yKatalog online BPK